UK National Rail with Map - West Midlands Railway - Statistics

General Stats
  • This quiz has been taken 182 times
  • The average score is 57 of 122
Answers on the Map
Answers color-coded by a green-red scale on the quiz's map according to % correct below.
 
Answer Stats
Answer Line % Correct
Birmingham New Street Cross-City Line
95%
Wolverhampton Rugby to Stafford via Birmingham
93%
Coventry Coventry to Leamington Line
88%
Birmingham Moor Street Chiltern Main Line
84%
Birmingham Snow Hill Chiltern Main Line
82%
Shrewsbury Wolverhampton to Shrewsbury Line
82%
Leamington Spa Chiltern Main Line
79%
Stratford-upon-Avon North Warwickshire Line
79%
Birmingham International Rugby to Stafford via Birmingham
76%
Redditch Cross-City Line
76%
Stourbridge Junction Birmingham to Worcester via Kidderminster
74%
University Cross-City Line
74%
Warwick Chiltern Main Line
74%
Lichfield Trent Valley Cross-City Line
73%
Solihull Chiltern Main Line
73%
Stourbridge Town Birmingham to Worcester via Kidderminster
73%
Nuneaton Coventry to Nuneaton Line
72%
Walsall Chase Line
71%
Bromsgrove Cross-City Line
68%
Smethwick Galton Bridge Birmingham to Worcester via Kidderminster
67%
Aston Cross-City Line
66%
Hereford Cotswold Line
66%
Kidderminster Birmingham to Worcester via Kidderminster
66%
Worcester Shrub hill Birmingham to Worcester via Kidderminster
66%
Five Ways Cross-City Line
63%
Sutton Coldfield Cross-City Line
62%
Worcester Foregate Street Birmingham to Worcester via Kidderminster
61%
Sandwell & Dudley Rugby to Stafford via Birmingham
60%
Jewellery Quarter Birmingham to Worcester via Kidderminster
59%
Lichfield City Cross-City Line
59%
Telford Central Wolverhampton to Shrewsbury Line
56%
Four Oaks Cross-City Line
55%
Dorridge Chiltern Main Line
54%
Duddeston Cross-City Line
54%
Rugeley Trent Valley Chase Line
54%
Tile Hill Rugby to Stafford via Birmingham
54%
Tipton Rugby to Stafford via Birmingham
54%
Cannock Chase Line
52%
The Hawthorns Birmingham to Worcester via Kidderminster
52%
Droitwich Spa Birmingham to Worcester via Kidderminster
51%
Kings Norton Cross-City Line
51%
Selly Oak Cross-City Line
51%
Smethwick Rolfe Street Rugby to Stafford via Birmingham
51%
Warwick Parkway Chiltern Main Line
51%
Bournville Cross-City Line
50%
Dudley Port Rugby to Stafford via Birmingham
50%
Great Malvern Cotswold Line
50%
Canley Rugby to Stafford via Birmingham
48%
Coventry Arena Coventry to Nuneaton Line
48%
Kenilworth Coventry to Leamington Line
48%
Rugeley Town Chase Line
48%
Barnt Green Cross-City Line
46%
Erdington Cross-City Line
46%
Longbridge Cross-City Line
46%
Hampton-in-Arden Rugby to Stafford via Birmingham
45%
Northfield Cross-City Line
45%
Alvechurch Cross-City Line
44%
Bloxwich Chase Line
44%
Rowley Regis Birmingham to Worcester via Kidderminster
44%
Bescot Stadium Chase Line
43%
Chester Road Cross-City Line
43%
Coseley Rugby to Stafford via Birmingham
41%
Acocks Green Chiltern Main Line
40%
Bordesley Chiltern Main Line
40%
Lye Birmingham to Worcester via Kidderminster
40%
Tyseley Chiltern Main Line
40%
Wellington Wolverhampton to Shrewsbury Line
40%
Bedworth Coventry to Nuneaton Line
39%
Gravelly Hill Cross-City Line
39%
Ledbury Cotswold Line
39%
Perry Barr Chase Line
39%
Shenstone Cross-City Line
39%
Stratford-upon-Avon Parkway North Warwickshire Line
39%
Henley-in-Arden North Warwickshire Line
38%
Malvern Link Cotswold Line
38%
Berkswell Rugby to Stafford via Birmingham
37%
Cradley Heath Birmingham to Worcester via Kidderminster
37%
Lea Hall Rugby to Stafford via Birmingham
37%
Marston Green Rugby to Stafford via Birmingham
37%
Shirley North Warwickshire Line
37%
Small Heath Chiltern Main Line
37%
Tame Bridge Parkway Chase Line
37%
Adderley Park Rugby to Stafford via Birmingham
35%
Blake Street Cross-City Line
35%
Stechford Rugby to Stafford via Birmingham
35%
Albrighton Wolverhampton to Shrewsbury Line
34%
Bloxwich North Chase Line
34%
Codsall Wolverhampton to Shrewsbury Line
34%
Cosford Wolverhampton to Shrewsbury Line
34%
Hednesford Chase Line
34%
Witton Chase Line
34%
Bilbrook Wolverhampton to Shrewsbury Line
33%
Shifnal Wolverhampton to Shrewsbury Line
33%
Hall Green North Warwickshire Line
32%
Oakengates Wolverhampton to Shrewsbury Line
32%
The Lakes North Warwickshire Line
32%
Yardley Wood North Warwickshire Line
32%
Bermuda Park Coventry to Nuneaton Line
30%
Butlers Lane Cross-City Line
30%
Hatton Chiltern Main Line
30%
Lapworth Chiltern Main Line
30%
Widney Manor Chiltern Main Line
30%
Bearley Leamington to Stratford Line
29%
Hagley Birmingham to Worcester via Kidderminster
29%
Old Hill Birmingham to Worcester via Kidderminster
29%
Wylde Green Cross-City Line
29%
Colwall Cotswold Line
28%
Olton Chiltern Main Line
28%
Claverdon Leamington to Stratford Line
27%
Whitlocks End North Warwickshire Line
27%
Wythall North Warwickshire Line
27%
Earlswood North Warwickshire Line
26%
Hamstead Chase Line
26%
Hartlebury Birmingham to Worcester via Kidderminster
26%
Spring Road North Warwickshire Line
26%
Blakedown Birmingham to Worcester via Kidderminster
24%
Landywood Chase Line
24%
Wilmcote North Warwickshire Line
24%
Wootton Wawen North Warwickshire Line
24%
Danzey North Warwickshire Line
23%
Langley Green Birmingham to Worcester via Kidderminster
22%
Wood End North Warwickshire Line
22%
No matching quizzes found
Score Distribution
Percent of People with Each Score
Percentile by Number Answered
Your Score History
You have not taken this quiz